| 000 | 01087cam a2200361 i 4500 | ||
|---|---|---|---|
| 001 | data | ||
| 005 | 20260322212108.0 | ||
| 008 | data | ||
| 035 | _a1820263 | ||
| 906 |
_a7 _bcbc _corignew _d4 _encip _f19 _gy-gencatlg |
||
| 010 | _a 79376139 | ||
| 020 | _c25.00TL | ||
| 035 | _9(DLC) 79376139 | ||
| 040 |
_aDLC _cDLC _dDLC |
||
| 043 | _aa-tu--- | ||
| 050 | 0 | 0 |
_aKKX3040.5 _b.D87 1975 |
| 100 | 1 | _aDüren, Akın. | |
| 245 | 1 | 0 |
_aİdare malları / _cAkın Düren. |
| 260 |
_a[Ankara : _bAnkara Üniversitesi, Hukuk Fakültesi], _c1975. |
||
| 300 |
_axi, 144 p. ; _c24 cm. |
||
| 336 |
_atext _btxt _2rdacontent |
||
| 337 |
_aunmediated _bn _2rdamedia |
||
| 338 |
_avolume _bnc _2rdacarrier |
||
| 490 | 0 | _aAnkara Üniversitesi, Hukuk Fakültesi yayınları ; no. 373 | |
| 504 | _aBibliography: p. 137-141. | ||
| 650 | 0 |
_aGovernment property _zTurkey. |
|
| 650 | 0 |
_aProperty _zTurkey. |
|
| 650 | 0 | _aGovernment property. | |
| 650 | 0 | _aProperty. | |
| 991 |
_bc-LL _hLAW _tCopy 1 _wBOOKS |
||
| 999 |
_c1590 _d1590 |
||